| 000 | 01005nam0a22002411 4500 | ||
|---|---|---|---|
| 001 | rc\46951 | ||
| 005 | 20260406105615.0 | ||
| 035 | _a(NLR Aleph) 005327007 | ||
| 090 |
_a6550161 _c6550161 |
||
| 100 | _a20021216d1993 |||y0rusy50 ca | ||
| 101 | 0 | _arus | |
| 102 | _aRU | ||
| 105 | _ay ||||||||| | ||
| 200 | 1 |
_aДидактические проблемы построения базового содержания образования _eСб. науч. тр. _fИн-т теорет. педагогики и междунар. исслед. в образовании |
|
| 210 |
_aМ. _cИТПИМИО _d1993 |
||
| 215 |
_a210 с. _d20 |
||
| 320 | _aБиблиогр. в конце ст. | ||
| 712 | 0 | 2 |
_aИнститут теоретической педагогики и международных исследований в образовании _cМосква _3RU\NLR\AUTH\884540 _9280605 |
| 801 | 0 |
_aRU _bNLR _gpsbo |
|
| 801 | 1 |
_aRU _bELAR _2rusmarc |
|
| 852 |
_aNLR _j94-3/1968 |
||
| 942 | _cBOOK | ||
| 980 | _aNB | ||